Teoria da imputaȯ̂ objetiva

Detalles Bibliográficos
Autor principal: Barbosa Florence, Ruy Celso
Formato: Libro
Lenguaje:portugués
Publicado: Brasil Pillares 2010
Materias:
Acceso en línea:Acceso restringido

MARC

LEADER 00000nam a22000007a 4500
005 20160519154858.0
007 cr|||| ||u|
008 160519s2010 bl ||||| |||| 00||0 por d
020 |a 978-85-89919-68-5 
035 |a 14232 
040 |a vLex  
090 |c 6103  |d 6103 
100 1 |a Barbosa Florence, Ruy Celso 
245 1 0 |a Teoria da imputaȯ̂ objetiva  |h [Recurso electrn̤ico] /  |c Ruy Celso Barbosa Florence 
256 |a Servicio en ln̕ea 
260 |a Brasil   |b Pillares  |c 2010 
300 |a 1 recurso electrn̤ico  
500 |a  Esta obra comenta o comportamento humano sob a t̤ica do Direito Penal, na dualidade aȯ̂ e omissô, e transpe̳ tal comentr̀io apresentando as teorias penais sobre o tema. Dentre essas teorias, destaca-se a da imputaȯ̂ objetiva, considerada o mais importante estudo da cin̊cia jurd̕ico-penal europeia desde o finalismo e o naturalismo jurd̕ico-penal. O trabalho teve o objetivo de investigar a possibilidade d o sistema penal brasileiro assimilar a teoria da imputaȯ̂ objetiva, especialmente na soluȯ̂ de casos de delitos omissivos. Partiu-se da hipt̤ese de que o tema foi ainda pouco estudado, sendo realizada uma vasta pesquisa bibliogrf̀ica, considerando a forte influn̊cia do Direito penal alemô desde as ideias de Georg Wilhelm Hegel, no sčulo XIX. A pesquisa analisou a evoluȯ̂ dos conceitos de aȯ̂ e omissô, abordando as diversas teorias do Direito Penal que se propuseram a examinar o problema da causalidade, destacando a teoria da imputaȯ̂ objetiva, especialmente tomada a partir das propostas de Claus Roxin. Aborda-se, tambm̌, a questô da tipicidade nos crimes omissivos, principalmente quanto ao modelo adotado pelo Cd̤igo Penal brasileiro, para que se possa verificar se, na forma como est ̀estruturado, admite a recepȯ̂ de uma nova dogmt̀ica jurd̕ico-penal baseada no risco. Analisa o problema da causalidade nos crimes omissivos, e conclui-se pela utilidade desse recurso no exame de diversos casos concretos, para a constataȯ̂ sobre a existn̊cia de um fato, e pela possibilidade de aplicaȯ̂ de muitos critřios da teoria da imputaȯ̂ objetiva na soluȯ̂ adequada de delitos omissivos, conforme estô tipificados no Cd̤igo Penal brasileiro, dispensada qualquer alteraȯ̂ legislativa. 
506 1 |a Contenido solo disponible en los productos indicados  |d vLex Global  |d vLex Global (Academic Edition, excluding Law Schools)  |d vLex Global (U.S. Academic Edition, Law Schools)  |d vLex Global (U.S. Academic Edition, excluding Law Schools)  |d vLex Global (Academic Edition, Law Schools) 
650 0 4 |a Derecho  |z Brasil  
740 0 |a vLex libros (servicio en ln̕ea)  
856 4 0 |u http://vlex.com/source/teoria-da-imputa-o-objetiva-14232  |z Acceso restringido  
942 |c BOOK